00593nam a2200169 a 4500008004100000245013500041260003200176300003900208500004100247650003000288650003300318700002100351700002400372003000100396005001700397040000900414 10aSituation analysis of children and women in Zimbabwe:ban update (2011-2014) /ccompiled by Marcio A. Carvalho and Kudzai Chatiza. a[Harare?] :bUNICEF,c2015. axxii, 162 p.:bcol. ill. ;c30 cm. aIncludes bibliographical references. aWomenxSocial conditions. aChildrenxSocial conditions. aChatiza, Kudzai. aCarvalho, Marcio A.20230123122232.0 cNUST